| 000 | 00400nam a2200145Ia 4500 | ||
|---|---|---|---|
| 008 | 211109s9999||||xx |||||||||||||| ||und|| | ||
| 082 |
_a340 _bGOP-I |
||
| 100 | _aGopalan, Ettumanoor | ||
| 245 | 0 | _aIndiyayile Nithya Nyaya Kodathikal | |
| 260 |
_bS V Book Agency Ktm No 1051 _aKottayam _c1994 |
||
| 300 | _a224p. | ||
| 630 | _xGeneral stack | ||
| 650 |
_aLaw _vSocial scienceGeneralia |
||
| 942 | _cBOOK | ||
| 999 |
_c48633 _d48633 |
||